|
|
|
|
| LEADER |
00888nam a22002177a 4500 |
| 001 |
AAL6824 |
| 003 |
BD-DhAAL |
| 005 |
20160713143539.0 |
| 008 |
160713s 1989bg ||||| |||| 00| 0 ben d |
| 040 |
|
|
|a BD-DhAAL
|c BD-DhAAL
|
| 082 |
|
|
|a 891.4437
|
| 100 |
|
|
|a হোসেন, সেলিনা
|9 19858
|
| 245 |
|
|
|a কাঁটাতারে প্রজাপতি /
|c সেলিনা হোসেন
|
| 260 |
|
|
|a ঢাকা :
|b জাতীয় সাহিত্য প্রকাশনী,
|c ১৯৮৯
|
| 300 |
|
|
|a ২৪৭ পৃ. ;
|c ২২ সে.মি.
|
| 541 |
|
|
|e 6824
|
| 650 |
|
|
|a Bengali fiction
|9 19859
|
| 852 |
|
|
|a Savar Campus Library
|c General Shelf
|
| 942 |
|
|
|2 ddc
|c BK
|
| 999 |
|
|
|c 37664
|d 37664
|
| 952 |
|
|
|0 0
|1 0
|2 ddc
|4 0
|6 891_443700000000000_HOS
|7 0
|9 59233
|a SCL
|b SCL
|c GEN
|d 2016-07-13
|g 90.00
|l 3
|m 2
|o 891.4437 HOS
|p 3020006824
|r 2025-08-31
|s 2025-08-21
|t 1
|w 2016-07-13
|y BK
|